000 00716nam a2200205 i 4500
001 87386
003 ES-MaACL
005 20250809022812.0
007 t|
008 041221s1978 sp ||||1| spa d
100 1 _aKruse, Heinrich Wilhelm.
_968924
245 1 0 _aDerecho tributario
_b: parte general /
_cHeinrich Wilhelm Kruse ; con una introducción de Perfecto Yebra Martul-Ortega.
250 _a3ª ed.
260 _a[Madrid] :
_bEditorial de Derecho Financiero :
_bEditoriales de Derecho Reunidas,
_c[1978]
300 _a651 p. ;
_c23 cm.
650 7 _aDerecho fiscal
_2embne
_9153335
700 1 _aYebra Martul-Ortega, Perfecto.
_9117605
852 _aES-MaACL
_jA-6286
_bR.98445
999 _c87386
_d87386